Corrosion and corrosion control: An introduction to corrosion science and engineering (Record no. 30609)

MARC details
000 -LEADER
fixed length control field 00381nam a2200133Ia 4500
082 ## - DEWEY DECIMAL CLASSIFICATION NUMBER
Classification number 620.193
Item number UHL
100 ## - MAIN ENTRY--AUTHOR NAME
Personal name Uhlig, Herbert H
245 #0 - TITLE STATEMENT
Title Corrosion and corrosion control: An introduction to corrosion science and engineering
250 ## - EDITION STATEMENT
Edition statement Ed.2
260 ## - PUBLICATION, DISTRIBUTION, ETC. (IMPRINT)
Place of publication New York
Name of publisher John Wiley
Year of publication 1963
650 ## - SUBJECT ADDED ENTRY--TOPICAL TERM
Topical Term Corrosion
942 ## - ADDED ENTRY ELEMENTS (KOHA)
Koha item type Books
Holdings
Withdrawn status Lost status Damaged status Not for loan Home library Current library Date acquired Cost, normal purchase price Full call number Accession Number Koha item type
        RRII Library RRII Library 16/12/2021 25.50 620.193 UHL 11180 Books